JetPunk's favourite Lord Of The Rings Characters - Statistics

General Stats
  • This quiz has been taken 12 times
  • The average score is 43 of 109
Answer Stats
Hint Character % Correct
28 Aragorn
100%
31 Frodo
100%
25 Gandalf
100%
18 Merry/Meriadoc
100%
19 Pippin/Peregrin
100%
19 Sam/Samwise
100%
16 Gimli
92%
18 Legolas
92%
18 Sauron
92%
14 Boromir
83%
22 Elrond
83%
18 Saruman
83%
11 Arwen
75%
15 Bilbo
75%
12 Eowyn
75%
19 Galadriel
75%
5 Gloin
75%
18 Gollum/Smeagol
75%
15 Theoden
75%
8 Thorin Oakenshield
75%
6 Balin
67%
1 Bifur
67%
1 Bofur
67%
12 Celeborn
67%
1 Dwalin
67%
14 Faramir
67%
10 Grima Wormtongue
67%
1 Oin
67%
2 Radagast
67%
2 Bombur
58%
17 Denethor
58%
10 Eomer
58%
1 Fili
58%
1 Kili
58%
1 Ori
58%
1 Tom (Troll)
58%
1 Dori
50%
10 Durin's Bane/Balrog
50%
1 Glorfindel
50%
1 Nori
50%
7 Tom Bombadil
50%
11 Witch King
50%
2 Beregond
42%
2 Bill (Pony)
42%
5 Deagol
42%
2 Goldberry
42%
5 Haldir
42%
7 Shelob
42%
3 Thranduil
42%
3 Arathorn
33%
1 Bard
33%
4 Gamling
33%
2 Gothmog
33%
6 Gwaihir
33%
13 Isildur
33%
3 Lurtz
33%
10 Shadowfax
33%
3 Smaug
33%
5 Barliman Butterbur
25%
2 Durin
25%
6 Elendil
25%
2 Elladan
25%
2 Elrohir
25%
1 Gildor
25%
3 Hamfast Gamgee
25%
3 King of the Dead
25%
3 Shagrat
25%
3 Azog
17%
1 Bert (Troll)
17%
1 Bolg
17%
1 Carc (Raven
17%
2 Ecthelion
17%
2 Eomund
17%
1 Farmer Maggot
17%
1 Gil-Galad
17%
2 Gorbag
17%
3 Hama
17%
1 Helm Hammerhead
17%
3 Imrahil
17%
1 Roac (Raven)
17%
5 Rosie Cotton
17%
1 Thengel
17%
1 Thrain
17%
13 Treebeard
17%
1 William (Troll)
17%
1 Beorn
8%
1 Drogo Baggins
8%
2 Earendil
8%
2 Eorl
8%
1 Erkenbrand
8%
1 Fatty Lumpkin
8%
1 Fundin
8%
1 Grishnakh
8%
3 Mouth of Sauron
8%
1 Paladin Took
8%
1 Saradoc Brandybuck
8%
2 Ugluk
8%
1 Arvedui
0%
1 Brand
0%
1 Bungo Baggins
0%
2 Elanor Gamgee
0%
1 Eothain
0%
1 Forlong the Fat
0%
1 Freda
0%
2 Ghan-Buri-Ghan
0%
1 Morwen
0%
1 Quickbeam
0%
1 Sharku
0%
1 Tar Amandil
0%
No matching quizzes found
Score Distribution
Percent of People with Each Score
Percentile by Number Answered
Your Score History
You have not taken this quiz